[Event "Titled Tuesday intern op 04th Jul Late"]
[Site "Chess.com INT"]
[Date "2023.07.04"]
[Round "5"]
[White "Thiel, Thomas"]
[Black "Cardenas Carbajal, Nilson"]
[Result "1/2-1/2"]
[WhiteElo "2195"]
[BlackElo "2126"]
[PlyCount "89"]
[EventDate "2023.07.04"]
[EventType "swiss (blitz)"]
[EventRounds "11"]
[EventCountry "USA"]
[SourceTitle "EXT 2024"]
[Source "ChessBase"]
[SourceDate "2023.10.10"]
[SourceVersion "1"]
[SourceVersionDate "2023.10.10"]
[SourceQuality "1"]

1. e4 c5 2. Nc3 a6 3. Nge2 b5 4. g3 Bb7 5. Bg2 Nf6 6. d4 cxd4 7. Nxd4 Nc6 8. 0-0 e5 9. Nf5 d6 10. Bg5 h6 11. Bxf6 Qxf6 12. Nd5 Qd8 13. a4 g6 14. Nfe3 Bg7 15. Qe2 b4 16. Nc4 Nd4 17. Qd3 Bxd5 18. exd5 0-0 19. c3 Nb3 20. Rae1 Nc5 21. Qd2 bxc3 22. Qxc3 e4 23. Qa3 f5 24. a5 Nd3 25. Rd1 Qc7 26. b3 Rfd8 27. Nb6 Rab8 28. Rd2 Bd4 29. Rfd1 Bxb6 30. axb6 Qxb6 31. Bf1 Nxf2 32. Rxf2 e3 33. Re2 Rbc8 34. Kg2 g5 35. Rd3 f4 36. gxf4 gxf4 37. Qa4 Rf8 38. Qe4 f3+ 39. Kh3 fxe2 40. Qg6+ Kh8 41. Qxh6+ Kg8 42. Qg6+ Kh8 43. Qh6+ Kg8 44. Qg6+ Kh8 45. Qh6+ 1/2-1/2